000 01226cam a2200337 i 4500
001 57502
003 Mx-PuUPA
005 20250623112910.0
008 140415s2010 nyua dr 000 0 eng d
020 _a9780385738767
_qrústica
040 _aMx-PuUPA
_bspa
_cMx-PuUPA
_dMx-PuUPA
_erda
041 0 _aeng
100 1 _aDashner, James,
_d1972-
_eautor
_915261
245 1 0 _aThe scorch trials /
_cJames Dashner
250 _a1st. edition
264 1 _aNew York, NY :
_bDelacorte Press,
_c2010
300 _a361 páginas, 33 páginas sin numerar :
_bilustraciones ;
_c21 cm.
336 _2rdacontent
_atexto
_btxt
337 _2rdamedia
_asin medio
_bn
338 _2rdacarrier
_avolumen
_bnc
490 0 _aThe Maze Runner Series ;
_vbk.2
650 7 _2armarc
_aSupervivencia
_xNovela
650 7 _2armarc
_aCiencia ficción
650 7 _2armarc
_aDesastres naturales
_xNovela
650 7 _2armarc
_aMutación (Biología)
_xNovela juevenil
650 7 _2armarc
_aAdolescentes
_xLiderazgo
_xNovela juvenil
785 0 0 _aDashner, James, 1972-
_tThe death cure.
_dNew York, NY : Delacorte Press, 2011
_w(Mx-PuUPA) 57507
_z9780385738781
942 _2ddc
_cLI
_h813
_iD22
999 _c57502
_d57502